Open Data Biblioteca Nacional de Portugal


República Portuguesa: Ministério da Cultura
Biblioteca Nacional de Portugal

Catálogo da BNP: acesso por Identificadores Unívocos
Registos Bibliográficos associados ao registo de autoridade

Etiqueta de registo: 00254nbm 2200025 450
001 2286033
003 http://id.bnportugal.gov.pt/bib/catbnp/2286033
003 "De augmento, et revivicentia Meri, ac Virtute"
100 ## $a20260508j17141715k y0pory01030103ba
101 0# $alat
102 ## $aPT
105 ## $ay z 000yy
106 ## $ah
200 1# $a [ Postilas de Teologia]$bManuscrito]
210 #1 $d1714-1715
215 ## $a[430] f., enc.$d32 cm
300 ## $aCópia (incompleta)
304 ## $aTexto em latim
304 ## $aComentários à Summa Theologiae de Tomás de Aquino
307 ## $aManículas salientando passagens ao longo do texto; anotações marginais
307 ## $aRegramento a ponta seca
307 ## $aManchado pela tinta ferrogálica e humidade; marcas da acção dos insectos afectando o texto; aparado
307 ## $aEncadernação em pergaminho liso com vestígios dos atilhos
316 ## $aCota Antiga: M-5-24
316 ## $aCota antiga: V-5-19
321 1# $aSobre os autores cfr.: Santos, Mariana Amélia Machado - Os professores de humanidades, filosofia e teologia, que ensinaram em Évora, e o paradeiro das suas postilas manuscritas em Portugal. Coimbra : [s.n.], 1967. (Separata das Actas do Congresso Internacional Comemorativo do IV Centenário da Universidade de Évora). P. 12, 55 e 57
321 1# $aGomes, João Pereira - Os professores de Filosofia da Universidade de Évora. Évora : C.M., 1960. P. 465-466
321 1# $aSommervogel 1, 923; 6, 1769; 7, 466
321 1# $aBarbosa Machado 2, 234 e 377
321 1# $aGuerra, Maria Luísa - A Universidade de Évora : mestres e discípulos notáveis (séc. XVI-séc. XVII). Évora : Universidade, 2005. P. 132
327 11 $aDe essentia Dei et attributis, de Gregório Barreto, 1714 (incompleta) (f. [1-74])$a"Tractatus de Sacro Poenitentiae", do padre Manuel de Oliveira (f. [75-112])$a"Opusculum De Restitutione in genere", do padre Francisco Salgueiro (f. [113-202])$a"De Vol[unt]ario, et Invol[unt]ario" (f. [204-240])$a"De Ess[ent]ia D[ivin]a eiusq[ue] Attributis" (continuação da primeira postila de Gregório Barreto de 1714) (f. [241-303])$a"De Virtutibus Theologicis" (f. [306-331])$a"De augmento, et revivicentia Meri[ti] ac Virtute", de Cipriano Ribeiro (f. [334-362])$a"Tractatus de Gratia Auxiliante" de Cipriano Ribeiro (f. [364-430])
517 1# $aDe restitutione in genere
518 1# $aOpusculum de Restitutione in genere
518 1# $aDe essentia Dei
518 1# $aDe atributis Dei in particulari
518 1# $aDe voluntate Dei
518 1# $aDe simplicitate Dei
518 1# $aTractatus de Sacro Poenitentiae
518 1# $aOpusculum De Restitutione in genere
518 1# $aDe voluntario et involuntario
518 1# $aDe essentia divina eiusque attributis
518 1# $aDe virtutibus theologicis
518 1# $aDe incarnatione
701 #1 $aRibeiro,$bCipriano,$f1668-1737,$cS.J.$4070$31998006
701 #1 $aSalgueiro,$bFrancisco,$f1661-1724,$cS.J.$4070$3169454
701 #1 $aBarreto,$bGregório,$f1669-1729,$cS.J.$4070$31362223
702 #0 $aTomás de Aquino,$cSanto,$f1225-1274,$cO.P.$4100$320917
801 #0 $aPT$bBN$gRPC
966 ## $lBN$mRESMAN$sCOD. 7186
971 ## $cipires$d20260508

OpendataBNP@bnportugal.pt | Mais informação sobre acesso aos dados BNP